BIBLIOTECA PODER JUDICIAL
Portal Judicial TDF

Panorama del régimen patrimonial matrimonial en derecho internacional privado y el enorme impacto de su parte general. La ultraactividad de las normas de conflicto, de las leyes 2393 y 23.515 / (Registro nro. 5379)

000 -LEADER
fixed length control field 01542nab a22002777a 4500
003 - CONTROL NUMBER IDENTIFIER
control field OSt
005 - DATE AND TIME OF LATEST TRANSACTION
control field 20250306130810.0
008 - FIXED-LENGTH DATA ELEMENTS--GENERAL INFORMATION
fixed length control field 190603e xxum|||| |||| 00| 0 spa d
040 ## - CATALOGING SOURCE
Transcribing agency PJ
100 ## - MAIN ENTRY--PERSONAL NAME
9 (RLIN) 6408
Personal name Amormino, Felipe Juan
245 10 - TITLE STATEMENT
Title Panorama del régimen patrimonial matrimonial en derecho internacional privado y el enorme impacto de su parte general. La ultraactividad de las normas de conflicto, de las leyes 2393 y 23.515 /
Statement of responsibility, etc Felipe Juan Amormino.
260 ## - PUBLICATION, DISTRIBUTION, ETC. (IMPRINT)
Date of publication, distribution, etc Ciudad Autónoma de Buenos Aires :
Place of publication, distribution, etc Thomson Reuters La Ley,
Name of publisher, distributor, etc 2024.
300 ## - PHYSICAL DESCRIPTION
Extent p. 5-24
500 ## - GENERAL NOTE
General note Cita Online: TR LALEY AR/DOC/1727/2024.<br/>
505 ## - FORMATTED CONTENTS NOTE
Formatted contents note Sumario: I. Introducción.— II. Regímenes posibles en el derecho internacional privado comparado.— III. Fuentes del derecho internacional privado patrimonial matrimonial en el derecho argentino.— IV. Tratados de Montevideo.— V. Fuente interna.— VI. Impacto de la parte general del derecho internacional privado.— VII. Conclusiones.<br/><br/>
505 ## - FORMATTED CONTENTS NOTE
Title ¿Te interesa el texto completo? Solicitalo al correo: koha@justierradelfuego.gov.ar<br/>
650 #0 - SUBJECT ADDED ENTRY--TOPICAL TERM
9 (RLIN) 327
Topical term or geographic name as entry element DERECHO INTERNACIONAL PRIVADO
650 #0 - SUBJECT ADDED ENTRY--TOPICAL TERM
9 (RLIN) 723
Topical term or geographic name as entry element REGIMEN PATRIMONIAL DEL MATRIMONIO
650 #0 - SUBJECT ADDED ENTRY--TOPICAL TERM
9 (RLIN) 962
Topical term or geographic name as entry element MATRIMONIO
650 #0 - SUBJECT ADDED ENTRY--TOPICAL TERM
9 (RLIN) 1497
Topical term or geographic name as entry element CODIGO CIVIL Y COMERCIAL
650 #0 - SUBJECT ADDED ENTRY--TOPICAL TERM
9 (RLIN) 716
Topical term or geographic name as entry element ORDEN PUBLICO
653 ## - INDEX TERM--UNCONTROLLED
Uncontrolled term FORMA DEL CONTRATO
653 ## - INDEX TERM--UNCONTROLLED
Uncontrolled term FORMA ESCRITA
773 0# - HOST ITEM ENTRY
Host Biblionumber 2713
Host Itemnumber 3170
Place, publisher, and date of publication Ciudad Autónoma de Buenos Aires : Thomson Reuters La Ley, 2015-
Title Revista Código Civil y Comercial. Nº 4 - Agosto 2024
942 ## - ADDED ENTRY ELEMENTS (KOHA)
Source of classification or shelving scheme
Koha item type Analítica Artículo de Revista

No hay ítems disponibles.

12 de Octubre 789 Ushuaia - Tel:  54(02901)441571
Horario de Atención: 8.00 a 17.00 hs. 
bibliotecaush@justierradelfuego.gov.ar
koha@justierradelfuego.gov.ar
Seguinos en nuestras redes @bibliojustdf 

Con tecnología Koha